| 000 | 00426nam a22001697a 4500 | ||
|---|---|---|---|
| 003 | NUST-PNEC | ||
| 005 | 20170116181016.0 | ||
| 008 | 140429b xxu||||| |||| 00| 0 eng d | ||
| 020 | _a- | ||
| 040 | _cLIBRARY | ||
| 082 | _a621.4848 REI | ||
| 100 |
_910447 _aReintijes, J. Francis |
||
| 245 |
_aPrinciples of Radar _cJ. Francis Reintjes |
||
| 250 | _a3rd ed | ||
| 650 |
_910448 _aPrinciples of Radar _xMIS |
||
| 942 |
_2ddc _cBK |
||
| 999 |
_c67256 _d67256 |
||